MDQL
is popping MORE tags! Check the
thread
!
Quizzes
Events
Quiz Creation
Community
Videos
Private Events
Remove Ads
Sign In
Join for FREE
Feedback
Dark Mode
Quiz Categories
Sports
Geography
Music
Movies
Television
Just For Fun
Miscellaneous
History
Literature
Language
Science
Gaming
Entertainment
Religion
Holiday
For Kids
Quiz Lab
Recent
Popular Today
Quiz Kudos Today
Editor Picks
Curator Picks
Quizzes by...
Day
Popularity
Type
Ratings
Length
Year
Community
Subscriptions
Recent Discussions
Orange Saloon
Badges
Playlists
Quests
Create
Leaderboards
Showdown
Live 5
Trivia Bingo
Activity
Puzzle Library
Sporcle Events
Private Events
Virtual Trivia
Globe League
Become a Host
Pub Owners
SporcleCon
Opinionation
Our Games
Videos
Blog
Mobile Apps
Partnerships
Remove Ads and Go Orange
Feedback
Just For Fun
Clickable
Get the Picture
Humor
Quick Pick
Word Ladder
Missing Word
Mixed Word
Blitz
Minefield
This or That
Alphabet
Color
Typing
Sporcle
Puzzle
Word Play
Follow That Line
Logic
Just For Fun
Clickable
Get the Picture
Humor
Quick Pick
Word Ladder
Missing Word
Mixed Word
Blitz
Minefield
This or That
Alphabet
Color
Typing
Sporcle
Puzzle
Word Play
Follow That Line
Logic
Random Quiz
Search Sporcle
×
Quiz Lab
Quiz Lab
Just For Fun
TV Show
Type in answers that appear in a list
Type in answers that appear in a list
Classic
Best Score? Go Orange.
Word Ladder: NCIS Characters Stats
Can you name the words in this themed ladder?
By
Tolkienite
2m
23 Questions
1,300 Plays
1,300 Plays
1,300 Plays
Comments
Comments
Give Quiz Kudos
Give Quiz Kudos
-
- Ratings
hide this ad
Replay
Link that replays current quiz
Next Quiz
Link to next quiz in quiz playlist
You Got
0%
They Got
Avg Score
61%
Avg Friend Score
Upgrade to see
Score Distribution
Jump to the score distribution portion of the page
Score
0/23
Timer
02:00
0
Plays Today
Hint
Answer
% Correct
Gibbs actor _
_
_
_
Harmon
MARK
87.6%
Very Special Agent _
_
_
_
DiNozzo
TONY
84.9%
Agent _
_
_
_
David
ZIVA
78.9%
Hair surrounding a lions head
MANE
77.1%
Plunge head first into water
DIVE
76%
Belonging to me
MINE
75.8%
Eat dinner
DINE
74.4%
Prima Donna
DIVA
72.6%
Single sheet of glass in a window
PANE
71.1%
Adult female horse
MARE
70%
Small horse
PONY
69.5%
Director _
_
_
_
Vance
LEON
65.6%
Hint
Answer
% Correct
Animal whose fur is often used for coats
MINK
62.5%
McGee actor _
_
_
_
Murray
SEAN
55.7%
Middle Earth forest _
_
_
wood
MIRK
52.4%
Bread made from flat cakes of cornmeal dough
PONE
51.5%
Pipe used to smoke drugs
BONG
49%
Equipment for holding or tossing food
TONG
46.4%
Move into a sloping position
LEAN
44.6%
The Hobbit, Nineteen Eighty-
Four, Lolita
BOOK
39.5%
View, watch
LOOK
39.2%
Knock or hit something to cause a sound
BONK
35.4%
Silly, foolish person
LOON
34.5%
Quiz Playlist
Details
Report
Send in Message
Add To Playlist
Classic:
Type in answers that appear in a list
Last Updated: Apr 12, 2017
Quiz Scoreboard
CHALLENGE
Sign Up to Join the Scoreboard
Show All
Scores
Hide
Comments
May contain spoilers
Recently Published
Image Sorting: Flags VI
by Barbecue
Geography
2m
Find the 'City' Movie
by crazypaving
Movies
60s
Colored Red Africa Blitz
by spor1
Geography
45s
More to Explore
Quiz From the Vault
Featured Blog Post
14 Easter Pick-up Lines to Find Eggs With
hide this ad
You Might Also Like...
Tags
TV Characters Quiz
TV Show Quiz
Word Ladder Quiz
Character
nci
ncis
NCIS Characters
Today's Top Quizzes in Just For Fun
Browse Just For Fun
hide this ad
Today's Top Quizzes in TV Show
Browse TV Show
Top Contributed Quizzes in Just For Fun
1
Name Just One - 10 to 1: Just For Fun
2
Missing Word: 2-Letter A-Z II
3
Avatar the Last Airbender: Logic Puzzle
4
Missing Letter Whitney Houston Songs
5
It's Magic / Witchcraft 🎩🪄🧙♀️
6
Survivor Winners Logic Puzzle
7
Missing Word: 'Of' Things A-Z
8
Killer Double Trees 224 - Colour Match-Up
9
Click the Differences: Playground
10
Missing Word: 'Of' Things A-Z II
Explore More
Trending Topics
Harry Potter
Anime
Kpop
NBA
Disney
Marvel
Crossword
Pokémon
The Office
Soccer
Puzzle
NFL
Country
WWE
Song
hide this ad
More By:
Tolkienite
Quiz
Plays
Rating
Category
Featured
Created
This Movie Is Not Suitable for Children
168,724
4.39
Movies
Feb 3, 2014
Figure Out The Lyrics (Grease)
110,593
4.48
Music
Nov 30, 2013
Movie Character Rainbow
103,334
4.32
Movies
Jun 19, 2013
Famous Colorful Characters
81,961
4.52
Entertainment
Nov 6, 2013
Henchmen, Sidekicks, and Subordinates
76,602
4.26
Entertainment
Aug 17, 2012
Go to Creator's Profile
Score Distribution
Quiz Creator Spotlight
Tolkienite
Follow
Send a Message
Quizzes Created
-
Created Quiz Play Count
-
More By This Creator
Popular Quizzes Today
1
Colored Red Africa Blitz
2
Find the US States - No Outlines Minefield
3
Find the 'City' Movie
4
5x2 Blitz: Bands
5
The Countries of the World
6
Find the US States
7
Find the Countries of Europe - No Outlines Minefield
8
US States
More Just For Fun Quizzes
Quick Pick: Movies of 2010
Published
Trending Quizzes
Colored Red Europe Blitz I
Colored Red Europe Blitz II
Colored Red Africa Blitz II
Colored Red Europe Blitz III
Colored Red Africa Blitz III
Recently Updated
How Do You Spell That?
pecheneg
Godzilla Movies
pecheneg
Grab Bag: 4-10 Letters
pecheneg
2024 March Madness Bracket
pecheneg
Famous TV Couples
Peacemaker
Champions League XIs: Real Madrid
pecheneg
Largest US Cities 1790-2010
pecheneg
Rides in Walt Disney World
pecheneg
Most Oscar Losses (Acting)
pecheneg
Beyoncé Albums
pecheneg
Trending Topics
Kpop
Anime
Marvel
Disney
Crossword
Harry Potter
NBA
NFL
Puzzle
WWE
Country
Pokémon
Soccer
The Office
Song
Your Account Isn't Verified!
In order to create a playlist on Sporcle, you need to verify the email address you used during registration. Go to your
Sporcle Settings
to finish the process.
Report this User
Report this user for behavior that violates our
Community Guidelines
.
Details:
Send Report
Go to the Sporcle.com Mobile Site →
Comments